Statistics for Paesi con più confini

Click here to take the quiz!

General Stats

  • This quiz has been taken 995 times
  • The average score is 13 of 20

Answer Stats

# Confini Paese % Correct
14Russia
97%
14Cina
97%
9Germania
88%
7India
87%
9 (10)Brasile
83%
8 (11)Francia
79%
9Rep. Dem. del Congo
77%
7Iran
65%
7Polonia
64%
8Serbia
60%
7Niger
58%
7Arabia Saudita
57%
7Ungheria
57%
8Turchia
56%
7Sudan
55%
7Ucraina
55%
8Austria
54%
7Mali
48%
8Zambia
30%
8Tanzania
24%

Score Distribution

Percentile by Number Answered

Percent of People with Each Score

Your Score History

You have not taken this quiz